Evaluación de las principales tecnologias utilizadas en Costa Rica para la desinfección del agua
Guardat en:
| Autor principal: | |
|---|---|
| Altres autors: | |
| Format: | Llibre |
| Publicat: |
[San José], Costa Rica
2011
|
| Matèries: | |
| Etiquetes: |
Afegir etiqueta
Sense etiquetes, Sigues el primer a etiquetar aquest registre!
|
MARC
| LEADER | 00000nam a2200000Ia 4500 | ||
|---|---|---|---|
| 003 | 010604 | ||
| 005 | 20230905150055.0 | ||
| 008 | 140114s2011 cr a 000 ||s d | ||
| 040 | |c cru CEDI | ||
| 090 | |a TFG 6436 | ||
| 100 | |a Mora Castro, Susan Elena, 1986 |9 1386 | ||
| 245 | |a Evaluación de las principales tecnologias utilizadas en Costa Rica para la desinfección del agua | ||
| 260 | |a [San José], Costa Rica |c 2011 | ||
| 300 | |a ix, 155, [18] hojas : ilustraciones (algunas a color). | ||
| 500 | |a Proyecto de graduación (licenciatura en ingeniería civil)--Universidad de Costa Rica. Facultad de Ingeniería. Escuela de Ingeniería Civil | ||
| 501 | |a Directora de Proyecto de Graduación: Ing. Ana Lorena Arias Zúñiga | ||
| 650 | |x CLORACION - EVALUACION |x PURIFICACION DEL AGUA - COSTA RICA |x kDESINFECCION DEL AGUA - EQUIPO |x EQUIPO Y ACCESORIOS |x MEDIDAS DE SEGURIDAD |x AGUA POTABLE |9 2358 | ||
| 700 | |9 1000 |a Arias Zúñiga, Ana Lorena, 1968- |d Directora del TFG | ||
| 942 | |c CEDI | ||
| 999 | |c 15753 |d 15753 | ||
